00313nam a2200121Ia 4500008004100000100001100041245005700052260002500109300000900134650002300143942000800166999001700174190216s9999||||xx |||||||||||||| ||und|| aSaxena 0aGeography For Civil Services Preliminary Examination bYoung Man & Coc1985 a183p aCivil Service Exam cREF c35569d35569